[Event "EU-Cup Online Gr-B (Women)"]
[Site "Tornelo INT"]
[Date "2020.12.20"]
[Round "5.1"]
[White "Helgadottir, Sigridur Bjorg"]
[Black "Kulon, Klaudia"]
[Result "0-1"]
[WhiteElo "1641"]
[BlackElo "2347"]
[PlyCount "118"]
[EventDate "2020.12.19"]
[EventType "team-tourn (rapid)"]
[EventRounds "7"]
[EventCountry "ISS"]
[SourceTitle "CBM 199 Extra"]
[Source "ChessBase"]
[SourceDate "2021.01.31"]
[SourceVersion "1"]
[SourceVersionDate "2021.01.31"]
[SourceQuality "1"]
[WhiteTeam "Fjolnir (W)"]
[BlackTeam "Poland Hussars (W)"]
[WhiteTeamCountry "ISL"]
[BlackTeamCountry "POL"]

1. d4 d5 2. c4 e6 3. Nf3 c6 4. e3 f5 5. Nc3 Nf6 6. Bd3 Bd6 7. 0-0 0-0 8. b3 Qe7 9. Bb2 Nbd7 10. Rc1 b6 11. cxd5 cxd5 12. Nb5 Bb7 13. Nxd6 Qxd6 14. Ne5 Rfc8 15. Qe2 Qe7 16. Nxd7 Nxd7 17. h3 Nf6 18. Rc2 Rxc2 19. Qxc2 Rc8 20. Qd2 Ne4 21. Bxe4 dxe4 22. Rc1 Qd7 23. Rxc8+ Qxc8 24. Qc3 Qxc3 25. Bxc3 Ba6 26. f3 Bd3 27. Kf2 Bb1 28. a3 Bc2 29. b4 Kf7 30. Ke2 Bd3+ 31. Kf2 g6 32. g4 Ke7 33. Kg3 Kd6 34. fxe4 Bxe4 35. Kf4 Kd5 36. gxf5 gxf5 37. Kg5 b5 38. Kf6 a6 39. h4 f4 40. exf4 Bf5 41. h5 Ke4 42. h6 Kxf4 43. Ke7 Ke4 44. Kd6 Kd3 45. Ba1 Kc4 46. Kc6 Kb3 47. Kb6 Kxa3 48. Bc3 Kb3 49. Be1 Kc4 50. Kxa6 Bd3 51. Ka5 Kxd4 52. Kb6 e5 53. Kc6 e4 54. Kd6 e3 55. Ke6 Ke4 56. Kf6 Bc2 57. Kg5 Kf3 58. Kf6 Ke2 59. Bc3 Kf1 0-1

[Event "Reykjavik Taflfelag op"]
[Site "Reykjavik"]
[Date "2019.11.26"]
[Round "7"]
[White "Hallsson, Jon Eggert"]
[Black "Helgadottir, Sigridur Bjorg"]
[Result "1-0"]
[WhiteElo "1738"]
[BlackElo "1749"]
[PlyCount "41"]
[EventDate "2019.10.16"]
[EventType "swiss"]
[EventRounds "7"]
[EventCountry "ISL"]
[SourceTitle "CBM 193 Extra"]
[Source "ChessBase"]
[SourceDate "2020.01.31"]
[SourceVersion "1"]
[SourceVersionDate "2020.01.31"]
[SourceQuality "1"]

1. e4 c5 2. Nc3 d6 3. Nge2 Nc6 4. g3 g6 5. Bg2 Bg7 6. 0-0 e6 7. d3 Nge7 8. Bg5 0-0 9. Qd2 Re8 10. Rae1 Rb8 11. Bh6 b5 12. Bxg7 Kxg7 13. f4 Nd4 14. Nxd4 cxd4 15. Ne2 Qb6 16. g4 f5 17. Ng3 fxg4 18. f5 exf5 19. exf5 Bxf5 20. Qg5 Qd8 21. Rxe7+ 1-0

[Event "ISL-chT2 1921"]
[Site "Reykjavik"]
[Date "2019.10.05"]
[Round "2.1"]
[White "Karlsson, Thorleifur"]
[Black "Helgadottir, Sigridur Bjorg"]
[Result "1-0"]
[WhiteElo "1982"]
[BlackElo "1749"]
[PlyCount "37"]
[EventDate "2019.10.04"]
[EventType "team-tourn"]
[EventRounds "7"]
[EventCountry "ISL"]
[SourceTitle "EXT 2024"]
[Source "ChessBase"]
[SourceDate "2023.10.10"]
[SourceVersion "1"]
[SourceVersionDate "2023.10.10"]
[SourceQuality "1"]
[WhiteTeam "Akureyri II"]
[BlackTeam "Fjolnis II"]
[WhiteTeamCountry "ISL"]
[BlackTeamCountry "ISL"]

1. e4 c5 2. Nf3 d6 3. d4 cxd4 4. Nxd4 Nf6 5. Nc3 a6 6. Bg5 e6 7. f4 Nbd7 8. Qf3 Qc7 9. 0-0-0 b5 10. e5 Bb7 11. Qh3 dxe5 12. Nxe6 fxe6 13. Qxe6+ Be7 14. Bxf6 gxf6 15. Bxb5 0-0-0 16. Bxa6 Bc5 17. Nd5 Qd6 18. Ne7+ Qxe7 19. Qc6+ 1-0

[Event "ISL-ch op"]
[Site "Reykjavik"]
[Date "2013.06.06"]
[Round "8"]
[White "Helgadottir, Sigridur Bjorg"]
[Black "Thorsteinsdottir, Hallgerdur"]
[Result "0-1"]
[WhiteElo "1760"]
[BlackElo "1985"]
[PlyCount "60"]
[EventDate "2013.05.31"]
[EventType "swiss"]
[EventRounds "10"]
[EventCountry "ISL"]
[SourceTitle "CBM 154 Extra"]
[Source "ChessBase"]
[SourceDate "2013.06.25"]
[SourceVersion "2"]
[SourceVersionDate "2013.06.25"]
[SourceQuality "1"]

1. d4 Nf6 2. c4 g6 3. Nc3 d5 4. cxd5 Nxd5 5. e4 Nxc3 6. bxc3 Bg7 7. Bc4 c5 8. Ne2 0-0 9. 0-0 Nc6 10. Be3 Qc7 11. Qc2 Na5 12. Bb3 c4 13. Ba4 a6 14. Qd2 Rd8 15. Rab1 b5 16. Bc2 Bd7 17. d5 Nb7 18. a4 Nc5 19. Nd4 bxa4 20. Rb4 Nb3 21. Qe2 Rdc8 22. f4 a5 23. Nb5 Qd8 24. Na7 axb4 25. Nxc8 Qxc8 26. cxb4 Qa6 27. e5 a3 28. Bxb3 cxb3 29. Qd1 b2 30. Bd4 Bf5 0-1

[Event "Nordic-ch Girls A"]
[Site "Stavanger"]
[Date "2012.04.20"]
[Round "3"]
[White "Christensen, Emilie Ellegaard"]
[Black "Helgadottir, Sigridur Bjorg"]
[Result "1/2-1/2"]
[WhiteElo "1837"]
[BlackElo "1755"]
[PlyCount "148"]
[EventDate "2012.04.20"]
[EventType "swiss"]
[EventRounds "5"]
[EventCountry "NOR"]
[SourceTitle "EXT 2024"]
[Source "ChessBase"]
[SourceDate "2023.10.10"]
[SourceVersion "1"]
[SourceVersionDate "2023.10.10"]
[SourceQuality "1"]

1. d4 Nf6 2. Nf3 g6 3. b3 Bg7 4. Bb2 d5 5. e3 0-0 6. c4 c5 7. dxc5 Qa5+ 8. Qd2 Qxc5 9. Nc3 Rd8 10. Rc1 Nc6 11. cxd5 Nxd5 12. Nxd5 Qxd5 13. Qxd5 Rxd5 14. Bxg7 Kxg7 15. Bc4 Rc5 16. Ke2 Bf5 17. Rhd1 Rc8 18. Kd2 Na5 19. Nd4 Nxc4+ 20. bxc4 Rxc4 21. Nxf5+ gxf5 22. Rxc4 Rxc4 23. Rb1 b6 24. Kd3 Rc5 25. Rb4 e5 26. Rc4 Rd5+ 27. Kc2 b5 28. Rc6 a5 29. a3 e4 30. f3 Rd3 31. Rc3 Rd5 32. Rc6 h5 33. f4 f6 34. h4 Kf7 35. Ra6 Rd3 36. Rxa5 Rxe3 37. Kd2 Rd3+ 38. Ke2 Ke6 39. Ra6+ Rd6 40. Ra5 Rb6 41. Ke3 b4 42. axb4 Rxb4 43. Ra6+ Kf7 44. Ra7+ Kg6 45. Re7 Rb3+ 46. Kf2 Rb8 47. Ke3 Rf8 48. Kf2 Rf7 49. Re8 Kg7 50. Re6 Rd7 51. Re8 Rd2+ 52. Kf1 Kf7 53. Rh8 e3 54. g3 Rd7 55. Rxh5 Kg6 56. Rh8 Re7 57. Ke2 Re4 58. Rd8 Kh5 59. Rd3 Kg4 60. Rxe3 Ra4 61. Kd3 Kh5 62. Kd2 Kg4 63. Ke2 Rb4 64. Kf2 Rb2+ 65. Re2 Rb3 66. Re3 Rb2+ 67. Ke1 Rb4 68. Kd2 Ra4 69. Kc3 Re4 70. Rxe4 fxe4 71. Kd2 f5 72. Ke2 Kh5 73. Kf2 Kg6 74. Kg2 Kh6 1/2-1/2

[Event "Reykjavik-ch"]
[Site "Reykjavik"]
[Date "2012.01.25"]
[Round "8"]
[White "Helgadottir, Sigridur Bjorg"]
[Black "Finnbogadottir, Tinna Kristin"]
[Result "1-0"]
[WhiteElo "1723"]
[BlackElo "1805"]
[PlyCount "39"]
[EventDate "2012.01.08"]
[EventType "swiss"]
[EventRounds "9"]
[EventCountry "ISL"]
[SourceTitle "EXT 2014"]
[Source "ChessBase"]
[SourceDate "2013.11.20"]
[SourceVersion "1"]
[SourceVersionDate "2013.11.20"]
[SourceQuality "1"]

1. d4 d5 2. c4 c6 3. Nc3 Nf6 4. Nf3 e6 5. e3 Nbd7 6. Bd3 dxc4 7. Bxc4 b5 8. Bd3 a6 9. e4 c5 10. e5 cxd4 11. Nxb5 axb5 12. exf6 gxf6 13. 0-0 Qb6 14. Be4 Rb8 15. Nxd4 Bc5 16. Be3 f5 17. Bc6 Rg8 18. Bxb5 Ke7 19. Nc6+ Ke8 20. Nxb8 1-0

[Event "Reykjavik-ch"]
[Site "Reykjavik"]
[Date "2012.01.11"]
[Round "2"]
[White "Helgadottir, Sigridur Bjorg"]
[Black "Thorsteinsdottir, Hallgerdur"]
[Result "0-1"]
[WhiteElo "1723"]
[BlackElo "1969"]
[PlyCount "64"]
[EventDate "2012.01.08"]
[EventType "swiss"]
[EventRounds "9"]
[EventCountry "ISL"]
[SourceTitle "EXT 2014"]
[Source "ChessBase"]
[SourceDate "2013.11.20"]
[SourceVersion "1"]
[SourceVersionDate "2013.11.20"]
[SourceQuality "1"]

1. c4 Nf6 2. Nc3 g6 3. e4 e5 4. d3 Bg7 5. g3 0-0 6. Bg2 c6 7. Nge2 Na6 8. 0-0 Nc7 9. d4 exd4 10. Nxd4 d6 11. b3 Re8 12. Re1 Ne6 13. Nc2 Qa5 14. Bd2 Qc7 15. Ne3 a6 16. Rc1 Nc5 17. Qc2 Be6 18. f4 Bd7 19. b4 Ne6 20. Ne2 Rad8 21. f5 Nf8 22. c5 d5 23. exd5 Nxd5 24. Bxd5 cxd5 25. fxg6 hxg6 26. Nxd5 Qc6 27. Ne3 Qf3 28. Nf4 Bc6 29. Nfg2 Bh6 30. Rf1 Bxe3+ 31. Bxe3 Qxg2+ 32. Qxg2 Bxg2 0-1

[Event "Liberec op 12th"]
[Site "Liberec"]
[Date "2011.10.24"]
[Round "3"]
[White "Hanus, Jan"]
[Black "Helgadottir, Sigridur Bjorg"]
[Result "0-1"]
[WhiteElo "1485"]
[BlackElo "1716"]
[PlyCount "72"]
[EventDate "2011.10.22"]
[EventType "swiss"]
[EventRounds "9"]
[EventCountry "CZE"]
[SourceTitle "EXT 2012"]
[Source "ChessBase"]
[SourceDate "2011.11.24"]
[SourceVersion "1"]
[SourceVersionDate "2011.11.24"]
[SourceQuality "1"]

1. e4 c5 2. Nf3 d6 3. Bb5+ Nc6 4. 0-0 Bd7 5. Re1 g6 6. c3 Bg7 7. Bxc6 Bxc6 8. d4 b6 9. d5 Bd7 10. h3 Nf6 11. e5 dxe5 12. Nxe5 0-0 13. c4 Qc7 14. Bf4 Qb7 15. Nc3 Rfd8 16. Qe2 Be8 17. Rad1 b5 18. b3 a6 19. Ne4 Rac8 20. d6 Nxe4 21. Qxe4 Qxe4 22. Rxe4 exd6 23. Ng4 f5 24. Nf6+ Bxf6 25. Re6 Bd4 26. Bg5 Rd7 27. Rde1 Bf7 28. Re7 Rxe7 29. Rxe7 bxc4 30. bxc4 Bxc4 31. Rd7 d5 32. Ra7 Re8 33. Bh6 Bf6 34. f4 d4 35. g4 d3 36. g5 Bd4+ 0-1

[Event "Reykjavik op"]
[Site "Reykjavik"]
[Date "2011.03.14"]
[Round "7"]
[White "Ingason, Sigurdur"]
[Black "Helgadottir, Sigridur Bjorg"]
[Result "1-0"]
[WhiteElo "1918"]
[BlackElo "1712"]
[PlyCount "73"]
[EventDate "2011.03.09"]
[EventType "swiss"]
[EventRounds "9"]
[EventCountry "ISL"]
[SourceTitle "CBM 141 Extra"]
[Source "ChessBase"]
[SourceDate "2011.05.03"]
[SourceVersion "1"]
[SourceVersionDate "2011.05.03"]
[SourceQuality "1"]

1. d4 Nf6 2. Nf3 g6 3. Nc3 d5 4. Bf4 Bg7 5. e3 0-0 6. Be2 Nbd7 7. Ne5 e6 8. Qd2 c5 9. Nxd7 Qxd7 10. dxc5 a6 11. 0-0-0 Qc6 12. Bd6 Re8 13. g4 b6 14. g5 Nd7 15. Bf3 bxc5 16. Nxd5 exd5 17. Bxd5 Qb6 18. c3 Ra7 19. Bb3 Bb7 20. Rhg1 Bf3 21. Rde1 a5 22. e4 Rxe4 23. Bxf7+ Kh8 24. Rxe4 Bxe4 25. Re1 Qc6 26. f3 Nf8 27. Bxf8 Bxf8 28. Qf4 Kg7 29. Bc4 Qd6 30. Rxe4 Qxf4+ 31. Rxf4 Bd6 32. Rh4 Re7 33. Kd2 Re5 34. Rg4 Rf5 35. Ke2 Bxh2 36. Bd3 Bd6 37. Bxf5 1-0

[Event "Reykjavik op"]
[Site "Reykjavik"]
[Date "2011.03.12"]
[Round "5.69"]
[White "Magnusson, Magnus"]
[Black "Helgadottir, Sigridur Bjorg"]
[Result "1/2-1/2"]
[WhiteElo "2026"]
[BlackElo "1712"]
[PlyCount "71"]
[EventDate "2011.03.09"]
[EventType "swiss"]
[EventRounds "9"]
[EventCountry "ISL"]
[SourceTitle "CBM 141 Extra"]
[Source "ChessBase"]
[SourceDate "2011.05.03"]
[SourceVersion "1"]
[SourceVersionDate "2011.05.03"]
[SourceQuality "1"]

1. e4 c5 2. Nc3 g6 3. g3 Bg7 4. Bg2 Nc6 5. d3 d6 6. Be3 e6 7. Qd2 Rb8 8. Nf3 b5 9. 0-0 Nd4 10. Nd1 Ne7 11. Nh4 0-0 12. c3 Ndc6 13. Bh6 Re8 14. Bxg7 Kxg7 15. f4 f5 16. Ne3 d5 17. exd5 exd5 18. d4 cxd4 19. cxd4 Qb6 20. Rad1 Be6 21. Nf3 Ng8 22. Ne5 Nf6 23. g4 Nxe5 24. fxe5 Nxg4 25. Nxg4 fxg4 26. Rf6 Qd8 27. Rdf1 Qe7 28. Qg5 Rbd8 29. Rc1 Qd7 30. Rc5 Rf8 31. Bf1 a6 32. Bd3 Rxf6 33. Qxf6+ Kg8 34. Bxg6 hxg6 35. Qxg6+ Kf8 36. Qh6+ 1/2-1/2

[Event "Reykjavik op"]
[Site "Reykjavik"]
[Date "2011.03.11"]
[Round "3.58"]
[White "Helgadottir, Sigridur Bjorg"]
[Black "Stanford, Sheila Barth"]
[Result "0-1"]
[WhiteElo "1712"]
[BlackElo "2173"]
[PlyCount "132"]
[EventDate "2011.03.09"]
[EventType "swiss"]
[EventRounds "9"]
[EventCountry "ISL"]
[SourceTitle "CBM 141 Extra"]
[Source "ChessBase"]
[SourceDate "2011.05.03"]
[SourceVersion "1"]
[SourceVersionDate "2011.05.03"]
[SourceQuality "1"]

1. c4 Nf6 2. Nc3 e5 3. g3 c6 4. Nf3 d6 5. Bg2 Be7 6. 0-0 h6 7. d3 a5 8. Bd2 0-0 9. Rc1 Na6 10. h3 Nc5 11. d4 exd4 12. Nxd4 Bd7 13. Kh2 Re8 14. Qc2 Bf8 15. Rcd1 g6 16. a3 Ne6 17. Nxe6 Bxe6 18. b3 Qe7 19. Bf4 Rad8 20. Rd2 d5 21. cxd5 Nxd5 22. Bxd5 Bxd5 23. Rfd1 Qxa3 24. Nxd5 cxd5 25. Rxd5 Rc8 26. Qd3 Qb2 27. Rd2 Qf6 28. Rd7 Bc5 29. e3 Bb4 30. Rc2 Rxc2 31. Qxc2 g5 32. Bc7 Rc8 33. Kg1 Bd6 34. Qc4 Bxc7 35. Rxc7 Rd8 36. Rc8 b6 37. Rxd8+ Qxd8 38. Qb5 Qd6 39. Kg2 Kg7 40. Qc4 Kg6 41. Qc2+ Kg7 42. Qc3+ f6 43. Qc4 Qd7 44. e4 b5 45. Qc3 a4 46. bxa4 bxa4 47. g4 Qb7 48. f3 Qb5 49. Qc7+ Kg8 50. Qc8+ Kf7 51. Qc7+ Ke6 52. Qc8+ Ke7 53. Qc7+ Ke6 54. Qc8+ Kd6 55. Qd8+ Ke6 56. Qc8+ Qd7 57. Qc4+ Ke7 58. Qc5+ Kf7 59. Qc4+ Kg7 60. Qc3 Qd6 61. Qb2 a3 62. Qb7+ Kg6 63. Qc8 Kf7 64. Qb7+ Qe7 65. Qb3+ Kg7 66. h4 gxh4 0-1

[Event "Reykjavik op"]
[Site "Reykjavik"]
[Date "2011.03.09"]
[Round "1.62"]
[White "Helgadottir, Sigridur Bjorg"]
[Black "Ptacnikova, Lenka"]
[Result "0-1"]
[WhiteElo "1712"]
[BlackElo "2307"]
[PlyCount "66"]
[EventDate "2011.03.09"]
[EventType "swiss"]
[EventRounds "9"]
[EventCountry "ISL"]
[SourceTitle "CBM 141 Extra"]
[Source "ChessBase"]
[SourceDate "2011.05.03"]
[SourceVersion "1"]
[SourceVersionDate "2011.05.03"]
[SourceQuality "1"]

1. c4 e5 2. g3 Nf6 3. Bg2 Nc6 4. Nc3 Bb4 5. Nf3 0-0 6. 0-0 Re8 7. d3 Bxc3 8. bxc3 e4 9. Ng5 exd3 10. exd3 d6 11. d4 Bg4 12. Qb3 Na5 13. Qb4 c6 14. Bf4 h6 15. Nf3 Qb6 16. Bxd6 Qxb4 17. Bxb4 Nxc4 18. Rfe1 Nd5 19. Ne5 Nxb4 20. Nxg4 Nc2 21. Rxe8+ Rxe8 22. Rb1 Nd2 23. Rd1 Re2 24. Ne5 f6 25. Nd3 Ne4 26. Nf4 Nxc3 27. Nxe2 Nxd1 28. d5 Nb4 29. d6 Kf7 30. a3 Na6 31. Nd4 Nc5 32. Bh3 g6 33. Bc8 Nc3 0-1

[Event "Reykjavik op"]
[Site "Reykjavik"]
[Date "2010.02.28"]
[Round "6"]
[White "Helgadottir, Sigridur Bjorg"]
[Black "Lee, Gudmundur Kristinn"]
[Result "1/2-1/2"]
[WhiteElo "1725"]
[BlackElo "1534"]
[PlyCount "136"]
[EventDate "2010.02.24"]
[EventType "swiss"]
[EventRounds "9"]
[EventCountry "ISL"]
[SourceTitle "CBM 135 Extra"]
[Source "ChessBase"]
[SourceDate "2010.05.04"]
[SourceVersion "1"]
[SourceVersionDate "2010.05.04"]
[SourceQuality "1"]

1. c4 Nf6 2. Nc3 c6 3. d4 d5 4. e3 Bf5 5. Nf3 Na6 6. a3 Nc7 7. Be2 g6 8. 0-0 Bg7 9. b4 0-0 10. Bb2 Bg4 11. Bd3 Ne6 12. h3 Bxf3 13. Qxf3 dxc4 14. Bxc4 Ng5 15. Qe2 Qd7 16. Rfe1 Rad8 17. Rad1 Qc7 18. e4 Nh5 19. Qg4 Qf4 20. Bc1 Qxg4 21. hxg4 Rxd4 22. Rxd4 Bxd4 23. Na2 Nf6 24. Bxg5 Nxg4 25. Bh4 e6 26. Rd1 e5 27. Nc1 g5 28. Bg3 h5 29. Rd2 h4 30. Bh2 Kg7 31. Nb3 Re8 32. Nxd4 exd4 33. Be2 Nxh2 34. Kxh2 Kf6 35. Bd3 Ke5 36. Rc2 f6 37. Kh3 Kf4 38. Rc5 g4+ 39. Kxh4 Rh8+ 40. Rh5 Rxh5+ 41. Kxh5 g3 42. fxg3+ Ke3 43. Bb1 d3 44. Kg6 Kxe4 45. Kxf6 b6 46. g4 c5 47. g5 c4 48. g6 c3 49. g7 c2 50. Bxc2 dxc2 51. g8Q c1Q 52. Qe6+ Kd3 53. Qd7+ Ke2 54. Qg4+ Kf1 55. Qf3+ Kg1 56. g4 Qh6+ 57. Ke5 Qg7+ 58. Kf4 Qh6+ 59. g5 Qd6+ 60. Kg4 Qe6+ 61. Kh4 Qg8 62. Qg4+ Kf2 63. g6 Qh8+ 64. Kg5 Qd8+ 65. Kf4 Qd6+ 66. Kf5 Qf8+ 67. Ke5 Qb8+ 68. Kf6 Qf8+ 1/2-1/2

[Event "EU-ch U18 Girls 19th"]
[Site "Fermo"]
[Date "2009.09.02"]
[Round "3"]
[White "Helgadottir, Sigridur Bjorg"]
[Black "Iordanidou, Zoi"]
[Result "0-1"]
[WhiteElo "1712"]
[BlackElo "2114"]
[PlyCount "62"]
[EventDate "2009.08.31"]
[EventType "swiss"]
[EventRounds "9"]
[EventCountry "ITA"]
[SourceTitle "CBM 132 Extra"]
[Source "ChessBase"]
[SourceDate "2009.11.03"]
[SourceVersion "1"]
[SourceVersionDate "2009.11.03"]
[SourceQuality "1"]

1. c4 e5 2. g3 Nc6 3. Bg2 g6 4. Nc3 Bg7 5. Rb1 a5 6. e3 Nge7 7. Nge2 d6 8. a3 0-0 9. 0-0 Be6 10. Nd5 Qd7 11. Re1 f5 12. d3 Rf7 13. b4 axb4 14. axb4 Raf8 15. b5 Nd8 16. b6 c6 17. Nc7 f4 18. exf4 Bh3 19. Bh1 g5 20. f5 Qxf5 21. Be3 Qg6 22. Qd2 h6 23. Be4 Qh5 24. d4 Nf5 25. dxe5 Nxe3 26. fxe3 Rf2 27. e6 Bxe6 28. Bg2 Rxg2+ 29. Kxg2 Qf3+ 30. Kg1 Qf2+ 31. Kh1 Bg4 0-1

[Event "Reykjavik op"]
[Site "Reykjavik"]
[Date "2009.03.31"]
[Round "8"]
[White "Kristinsson, Bjarni Jens"]
[Black "Helgadottir, Sigridur Bjorg"]
[Result "1-0"]
[WhiteElo "1959"]
[BlackElo "1646"]
[PlyCount "55"]
[EventDate "2009.03.24"]
[EventType "swiss"]
[EventRounds "9"]
[EventCountry "ISL"]
[SourceTitle "CBM 129 Extra"]
[Source "ChessBase"]
[SourceDate "2009.05.05"]
[SourceVersion "2"]
[SourceVersionDate "2009.05.20"]
[SourceQuality "1"]

1. e4 c5 2. Nf3 d6 3. d4 cxd4 4. Nxd4 Nf6 5. Nc3 a6 6. Bg5 e6 7. f4 Be7 8. Qf3 Qc7 9. 0-0-0 Nbd7 10. Bd3 h6 11. Bh4 g5 12. fxg5 Ne5 13. Qe2 Nfg4 14. Kb1 hxg5 15. Bg3 b5 16. h3 Nf6 17. a3 Rb8 18. Na2 Nc4 19. Nb4 Bb7 20. Bxc4 bxc4 21. e5 Nd5 22. exd6 Bxd6 23. Nxe6 fxe6 24. Qxe6+ Qe7 25. Qxd6 Qxd6 26. Bxd6 Rd8 27. Rhe1+ Kf7 28. Nxd5 1-0

[Event "Reykjavik-ch"]
[Site "Reykjavik"]
[Date "2009.01.30"]
[Round "9"]
[White "Helgadottir, Sigridur Bjorg"]
[Black "Edvardsson, Kristjan"]
[Result "0-1"]
[WhiteElo "1646"]
[BlackElo "2253"]
[PlyCount "56"]
[EventDate "2009.01.11"]
[EventType "swiss"]
[EventRounds "9"]
[EventCountry "ISL"]
[SourceTitle "EXT 2010"]
[Source "ChessBase"]
[SourceDate "2010.11.25"]
[SourceVersion "1"]
[SourceVersionDate "2010.11.25"]
[SourceQuality "1"]

1. c4 Nf6 2. Nc3 e6 3. g3 d5 4. cxd5 exd5 5. Bg2 Be7 6. d3 0-0 7. Bg5 c6 8. Nf3 Qb6 9. Na4 Qa6 10. 0-0 Nbd7 11. a3 h6 12. Be3 c5 13. Rc1 b6 14. d4 c4 15. Ne5 Bb7 16. Nc3 Rfd8 17. Qd2 b5 18. Bf4 Qb6 19. Rfe1 a5 20. a4 b4 21. Nb5 Rac8 22. Qe3 Bf8 23. Bh3 g5 24. Nxd7 Nxd7 25. Bxd7 Rxd7 26. Qf3 Bg7 27. Qg4 f5 28. Qxf5 Rf7 0-1

[Event "Reykjavik TR-chD"]
[Site "Reykjavik"]
[Date "2008.10.26"]
[Round "1"]
[White "Helgadottir, Sigridur Bjorg"]
[Black "Fridgeirsson, Dagur Andri"]
[Result "0-1"]
[WhiteElo "1595"]
[BlackElo "1795"]
[PlyCount "102"]
[EventDate "2008.10.26"]
[EventType "tourn"]
[EventRounds "9"]
[EventCountry "ISL"]
[SourceTitle "EXT 2010"]
[Source "ChessBase"]
[SourceDate "2010.11.25"]
[SourceVersion "1"]
[SourceVersionDate "2010.11.25"]
[SourceQuality "1"]

1. c4 e5 2. g3 Nf6 3. Bg2 d5 4. cxd5 Nxd5 5. Nc3 Nb6 6. Nf3 Nc6 7. 0-0 Be7 8. a3 a5 9. Qc2 a4 10. d3 Be6 11. Ne4 Bb3 12. Qc3 Nd5 13. Qe1 0-0 14. Ned2 Bc2 15. Nc4 f6 16. Bd2 Nd4 17. Nxd4 exd4 18. Rc1 Bb3 19. Na5 Ra6 20. Nxb7 Qb8 21. Nc5 Bxc5 22. Rxc5 Rd6 23. Qc1 Rf7 24. Ba5 Rdd7 25. Rc6 Rfe7 26. Bh3 Rd6 27. Rxd6 cxd6 28. Bg4 Qa8 29. Qd2 Ra7 30. Rc1 f5 31. Bxf5 Ne7 32. Bb6 Rb7 33. Qg5 h6 34. Qf4 Rxb6 35. Qxd4 Rc6 36. Rxc6 Qxc6 37. Be4 Qc5 38. Qc3 Nd5 39. Bxd5+ Bxd5 40. e4 Bb3 41. d4 Qxc3 42. bxc3 Kf7 43. f4 d5 44. exd5 Ke7 45. Kf2 Kd6 46. Ke3 Kxd5 47. Kd3 Bc4+ 48. Ke3 Bb5 49. Kd2 Ke4 50. h4 Bc4 51. f5 h5 0-1